[Event "Usti nad Labem op U10/12"]
[Site "Usti nad Labem"]
[Date "2007.06.24"]
[Round "4"]
[White "Rous, Daniel"]
[Black "Hlavacek, Ondrej"]
[Result "1/2-1/2"]
[WhiteElo "1690"]
[BlackElo "1485"]
[PlyCount "112"]
[EventDate "2007.06.21"]
[EventType "swiss"]
[EventRounds "7"]
[EventCountry "CZE"]
[SourceTitle "EXT 2008"]
[Source "ChessBase"]
[SourceDate "2007.11.25"]
[SourceVersion "1"]
[SourceVersionDate "2007.11.25"]
[SourceQuality "1"]

1. Nf3 c6 2. c4 d5 3. cxd5 cxd5 4. d4 Bg4 5. Ne5 Bf5 6. Nc3 e6 7. Bf4 Nf6 8. h3 h6 9. e3 a6 10. Be2 Be7 11. 0-0 0-0 12. Rc1 Nbd7 13. a3 Rc8 14. b4 b5 15. Qb3 Nxe5 16. Bxe5 Qb6 17. Na2 Ne4 18. Qb2 Bd6 19. Bxd6 Qxd6 20. Nc3 Qb6 21. Nxe4 Bxe4 22. Rc5 Rxc5 23. bxc5 Qc6 24. Qb4 Ra8 25. Ra1 Bc2 26. Qa5 g6 27. Bd1 Bd3 28. a4 Rb8 29. axb5 Bxb5 30. Rb1 Rb7 31. Ba4 Bxa4 32. Rxb7 Qxb7 33. Qxa4 Qc8 34. Qb4 Kf8 35. Kf1 Ke8 36. Ke2 Kd7 37. Qb6 Qc6 38. Qa5 Qb5+ 39. Qxb5+ axb5 40. Kd2 b4 41. Kc2 Kc6 42. Kb2 Kb5 43. Kb3 f5 44. f4 h5 45. h4 Ka5 46. Kb2 Kb5 47. Kb3 Ka5 48. c6 Kb6 49. Kxb4 Kxc6 50. Ka4 Kc7 51. Kb5 Kb7 52. Kc5 Kc7 53. g3 Kd7 54. Kb6 Kd6 55. Kb7 Kd7 56. Kb8 Kd8 1/2-1/2

[Event "Usti nad Labem op U10/12"]
[Site "Usti nad Labem"]
[Date "2007.06.23"]
[Round "3"]
[White "Hladky, Petr"]
[Black "Hlavacek, Ondrej"]
[Result "0-1"]
[WhiteElo "1416"]
[BlackElo "1485"]
[PlyCount "50"]
[EventDate "2007.06.21"]
[EventType "swiss"]
[EventRounds "7"]
[EventCountry "CZE"]
[SourceTitle "EXT 2008"]
[Source "ChessBase"]
[SourceDate "2007.11.25"]
[SourceVersion "1"]
[SourceVersionDate "2007.11.25"]
[SourceQuality "1"]

1. d4 c6 2. Nf3 d5 3. Bf4 Bg4 4. e3 e6 5. Bd3 Bd6 6. Bg3 Bxg3 7. hxg3 Nf6 8. Nbd2 Nbd7 9. c3 Qb6 10. Qc2 Bxf3 11. Nxf3 h6 12. Ng5 Rf8 13. Nf3 0-0-0 14. 0-0-0 c5 15. dxc5 Nxc5 16. b4 Ncd7 17. Qb3 Kb8 18. a4 Rc8 19. Nd4 e5 20. Nf5 d4 21. Bc4 Rxc4 22. Qxc4 Rc8 23. Qe2 Rxc3+ 24. Kd2 Qxb4 25. Rb1 Ne4+ 0-1

[Event "CZE-ch U12"]
[Site "Sec u Chrudimi"]
[Date "2007.03.12"]
[Round "3"]
[White "Gorba, Matej"]
[Black "Hlavacek, Ondrej"]
[Result "0-1"]
[WhiteElo "1393"]
[BlackElo "1250"]
[PlyCount "60"]
[EventDate "2007.03.10"]
[EventType "swiss"]
[EventRounds "9"]
[EventCountry "CZE"]
[SourceTitle "EXT 2008"]
[Source "ChessBase"]
[SourceDate "2007.11.25"]
[SourceVersion "1"]
[SourceVersionDate "2007.11.25"]
[SourceQuality "1"]

1. e4 c6 2. d4 d5 3. Nc3 dxe4 4. Nxe4 Bf5 5. Ng3 Bg6 6. Nf3 e6 7. Bc4 h6 8. Ne5 Bh7 9. Qf3 Nf6 10. Be3 Bxc2 11. 0-0 Be7 12. Nh5 Rg8 13. Nxf6+ Bxf6 14. Qg4 Bf5 15. Qh5 Bxe5 16. dxe5 Nd7 17. Rad1 Qe7 18. Qf3 Nxe5 19. Qe2 Qh4 20. f3 Qxc4 21. Qd2 Qd3 22. Qf2 Qc2 23. Rd2 Qa4 24. a3 Qa5 25. Rfd1 Qa6 26. Bxa7 Nd3 27. Rxd3 Bxd3 28. Bb6 Bc4 29. Qh4 Qxb6+ 30. Kh1 Bd5 0-1

[Event "CZE-ch U12"]
[Site "Sec u Chrudimi"]
[Date "2007.03.10"]
[Round "1"]
[White "Hlavacek, Ondrej"]
[Black "Rubes, Jan"]
[Result "0-1"]
[WhiteElo "1250"]
[BlackElo "1649"]
[PlyCount "124"]
[EventDate "2007.03.10"]
[EventType "swiss"]
[EventRounds "9"]
[EventCountry "CZE"]
[SourceTitle "EXT 2008"]
[Source "ChessBase"]
[SourceDate "2007.11.25"]
[SourceVersion "1"]
[SourceVersionDate "2007.11.25"]
[SourceQuality "1"]

1. e4 e5 2. Nf3 Nc6 3. Bb5 a6 4. Bxc6 dxc6 5. d4 exd4 6. Qxd4 Qxd4 7. Nxd4 Nf6 8. 0-0 c5 9. Nf3 Be7 10. Nc3 b6 11. Bg5 Bb7 12. Rfe1 Rd8 13. Re3 Rd7 14. Rae1 Ng4 15. Rd3 Rxd3 16. cxd3 Bxg5 17. Nxg5 Ne5 18. Re3 c4 19. d4 Nc6 20. d5 Nd4 21. Ne2 Nxe2+ 22. Rxe2 0-0 23. Rc2 b5 24. Rd2 Rd8 25. g3 h6 26. Nh3 Kf8 27. f3 Ke7 28. Kf2 c6 29. Ke3 cxd5 30. exd5 Rxd5 31. Rxd5 Bxd5 32. Nf4 Bc6 33. Ne2 g6 34. f4 Kd6 35. Kd4 Bf3 36. Nc3 h5 37. a3 f6 38. h4 f5 39. Nb1 a5 40. Nd2 Be2 41. b3 cxb3 42. Nxb3 b4 43. Nxa5 bxa3 44. Nb3 a2 45. Na1 Kc6 46. Nb3 Kb5 47. Kc3 Bc4 48. Na1 Kc5 49. Nc2 Kd5 50. Na1 Be2 51. Kd2 Bf1 52. Ke3 Kc4 53. Kd2 Bd3 54. Kd1 Kc3 55. Kc1 Bb1 56. g4 hxg4 57. h5 gxh5 58. Nc2 g3 59. Ne3 a1Q 60. Nd5+ Kd4 61. Kd2 Qb2+ 62. Ke1 g2 0-1